000 00315nam a2200133Ia 4500
008 150301s2015 xx 000 0 und d
082 _a615.7
_bA11D
100 _aDINDA, S.C
245 _aADVANCS IN PHARMACY TECHNOLOGY
260 _bPHARMA MED PRESS
300 _a413
650 _aPHARMACEUTICS
942 _2ddc
_cBK
999 _c7340
_d7340